00500 2200193 4500001002100000005001500021008004100036020001800077035001900095041000700114082001000121090001600131100001900147245003600166250001000202260003300212300002200245650003900267INLIS00000000000957120241224113839241224||||||||| | ||| |||| || |  a979-8394-31-3 0010-1224009571 aid0 a153.2 a153.2 MUS k0 aMusthafa Murad00aKisah Teladan Wanita Ahli Surga aCet.4 aBandungbMizan Pustakac2006 a213 hlm.: 20,5 cm 0aKisah Teladan -- Wanita ahli surga